000
00198nam a22000857a 4500
001
1243210
005
20251016112935.0
245
_a
YEŞİL ADANIN ÇOCUKLARI
_c
HAVVA TEKİN
260
_b
TİMAŞ YAYINLARI
999
_c
1243210
_d
1243210